<?xml version="1.0" encoding="UTF-8"?>
<collection xmlns="http://www.loc.gov/MARC21/slim">
  <record>
    <leader>00000nam  2200000   4500</leader>
    <controlfield tag="001">INLIS000000000020747</controlfield>
    <controlfield tag="005">20250804034809</controlfield>
    <datafield tag="035" ind1="#" ind2="#">
      <subfield code="a">0010-0825000025</subfield>
    </datafield>
    <controlfield tag="007">ta</controlfield>
    <controlfield tag="008">250804################|##########|#|##</controlfield>
    <datafield tag="084" ind1="#" ind2="#">
      <subfield code="a">R 0021 PKP 2024</subfield>
    </datafield>
    <datafield tag="100" ind1=" " ind2="#">
      <subfield code="a">Ichwan Santosa</subfield>
    </datafield>
    <datafield tag="245" ind1="1" ind2="#">
      <subfield code="a">SADAR (Satu Data Referensi) +: Optimalisasi Penggunaan SADAR Dalam Mendukung Kajian dan Analisis Kebijakan /</subfield>
      <subfield code="c">Ichwan Santosa</subfield>
    </datafield>
    <datafield tag="260" ind1="#" ind2="#">
      <subfield code="a">Jakarta :</subfield>
      <subfield code="b">Pusbangkom Pimnas dan Manajerial ASN,</subfield>
      <subfield code="c">2024</subfield>
    </datafield>
    <datafield tag="300" ind1="#" ind2="#">
      <subfield code="a">10 hlm. ;</subfield>
      <subfield code="c">30 cm</subfield>
    </datafield>
    <datafield tag="650" ind1="#" ind2="4">
      <subfield code="a">Satu Data Referensi</subfield>
    </datafield>
    <datafield tag="520" ind1="#" ind2="#">
      <subfield code="a">SADAR+ merupakan fondasi dasar yang dibutuhkan bagi unit policy analysis seperti PIMBANGKOM ASN untuk berkembang dan menunjukkan performa terbaiknya. Selain sebagai knowledge management system sederhana, keberadaan sadar dapat sekaligus menjadi sarana untuk melakukan pemantauan kinerja hingga mensimplifikasi proses administratif pengisian SKP yang sebelumnya cukup menyita waktu dan energi. Selain itu, SADAR + juga dapat mendorong AK untuk mengembangkan dirinya memenuhi tuntutan lingkungan strategis. Dengan demikian, SADAR+ akan mendorong peningkatan kinerja policy analysis sebagai layanan PIMBANGKOM ASN. Implikasinya, ragam produk kajian dan analisis akan lebih bersentuhan dengan target grupnya, memenuhi indeks kemanfaatan yang diharapkan.</subfield>
    </datafield>
    <datafield tag="990" ind1="#" ind2="#">
      <subfield code="a">2024/1.2.4/A/0021</subfield>
    </datafield>
  </record>
</collection>
